[Event "Petroupoli ASOP Dias Seniors op"]
[Site "Petroupoli"]
[Date "2014.05.10"]
[Round "7.13"]
[White "Katsiampas, Efthymios"]
[Black "Zaharias, Aggelos"]
[Result "1-0"]
[WhiteElo "1000"]
[BlackElo "1248"]
[PlyCount "41"]
[EventDate "2014.03.22"]
[EventType "swiss"]
[EventRounds "7"]
[EventCountry "GRE"]
[SourceTitle "EXT 2024"]
[Source "ChessBase"]
[SourceDate "2023.10.10"]
[SourceVersion "1"]
[SourceVersionDate "2023.10.10"]
[SourceQuality "1"]

1. e4 a6 2. d4 e6 3. c4 Nc6 4. Nf3 d5 5. e5 dxc4 6. Bxc4 b5 7. Bb3 Bb7 8. Be3 Na5 9. Nbd2 Ne7 10. Bc2 Nd5 11. 0-0 Be7 12. a3 Nb6 13. b4 Nac4 14. Nxc4 Nxc4 15. Nd2 Qd5 16. Be4 Nxe3 17. fxe3 Qxe4 18. Nxe4 Bxe4 19. Qg4 Bg6 20. Rac1 h5 21. Qf3 1-0

[Event "Petroupoli ASOP Dias Seniors op"]
[Site "Petroupoli"]
[Date "2013.04.27"]
[Round "5.12"]
[White "Zaharias, Aggelos"]
[Black "Diamandis, Phoebus Apollo"]
[Result "1/2-1/2"]
[WhiteElo "1270"]
[BlackElo "1582"]
[PlyCount "48"]
[EventDate "2013.03.30"]
[EventType "swiss"]
[EventRounds "7"]
[EventCountry "GRE"]
[SourceTitle "EXT 2024"]
[Source "ChessBase"]
[SourceDate "2023.10.10"]
[SourceVersion "1"]
[SourceVersionDate "2023.10.10"]
[SourceQuality "1"]

1. c4 f5 2. Nc3 Nf6 3. g3 e5 4. e3 d5 5. Bg2 c6 6. Qb3 e4 7. Nge2 dxc4 8. Qxc4 b5 9. Qb3 b4 10. Na4 Qd3 11. Nd4 Qxb3 12. Nxb3 Ba6 13. Nac5 Bxc5 14. Nxc5 Ke7 15. b3 Kd6 16. Nxa6 Nxa6 17. 0-0 Nc5 18. Rb1 Nd3 19. f3 a5 20. fxe4 fxe4 21. Bb2 Nxb2 22. Rxb2 a4 23. Rd1 a3 24. Rc2 Ra5 1/2-1/2

[Event "Petroupoli ASOP Dias Seniors op"]
[Site "Petroupoli"]
[Date "2013.04.13"]
[Round "3.12"]
[White "Zaharias, Aggelos"]
[Black "Hondrovasilopoulos, Ioannis"]
[Result "1-0"]
[WhiteElo "1270"]
[BlackElo "1514"]
[PlyCount "45"]
[EventDate "2013.03.30"]
[EventType "swiss"]
[EventRounds "7"]
[EventCountry "GRE"]
[SourceTitle "EXT 2024"]
[Source "ChessBase"]
[SourceDate "2023.10.10"]
[SourceVersion "1"]
[SourceVersionDate "2023.10.10"]
[SourceQuality "1"]

1. c4 g6 2. Nc3 Bg7 3. g3 Nf6 4. Bg2 0-0 5. Nf3 Nc6 6. a3 d6 7. e3 Bg4 8. 0-0 Qd7 9. Qc2 Bf5 10. d3 Qc8 11. b4 e5 12. e4 Be6 13. Nd5 Nxd5 14. cxd5 Nd4 15. Nxd4 Bxd5 16. exd5 exd4 17. Bb2 Re8 18. Rfe1 Re5 19. Qc4 Qe8 20. Re4 c5 21. dxc6 d5 22. Qxd5 Qxc6 23. Qxd4 1-0

[Event "Petroupoli ASOP Dias Seniors op"]
[Site "Petroupoli"]
[Date "2012.11.24"]
[Round "4.4"]
[White "Pavlis, Antonios"]
[Black "Zaharias, Aggelos"]
[Result "1-0"]
[WhiteElo "1794"]
[BlackElo "1257"]
[PlyCount "35"]
[EventDate "2012.11.03"]
[EventType "swiss"]
[EventRounds "7"]
[EventCountry "GRE"]
[SourceTitle "EXT 2024"]
[Source "ChessBase"]
[SourceDate "2023.10.10"]
[SourceVersion "1"]
[SourceVersionDate "2023.10.10"]
[SourceQuality "1"]

1. e4 c5 2. Nf3 Nc6 3. d4 cxd4 4. Nxd4 Nxd4 5. Qxd4 e6 6. Bd3 Be7 7. Nc3 Nf6 8. e5 Ng8 9. Be3 b6 10. 0-0-0 Bb7 11. Bb5 Bc6 12. Bxc6 dxc6 13. Qg4 Qc7 14. Qxg7 Rd8 15. Ne4 f5 16. exf6 Nxf6 17. Nxf6+ Bxf6 18. Qxc7 1-0

[Event "Petroupoli op 3rd"]
[Site "Petroupoli"]
[Date "2012.03.21"]
[Round "4"]
[White "Foutouhos, Spyridon"]
[Black "Zaharias, Aggelos"]
[Result "1-0"]
[WhiteElo "1458"]
[BlackElo "1010"]
[PlyCount "69"]
[EventDate "2012.03.10"]
[EventType "swiss"]
[EventRounds "7"]
[EventCountry "GRE"]
[SourceTitle "CBM 147 Extra"]
[Source "ChessBase"]
[SourceDate "2012.04.24"]
[SourceVersion "1"]
[SourceVersionDate "2012.04.24"]
[SourceQuality "1"]

1. e4 d5 2. exd5 Nf6 3. Nc3 Bg4 4. Be2 Bf5 5. Bf3 e6 6. dxe6 c6 7. exf7+ Kxf7 8. d4 Bd6 9. Bg5 Na6 10. d5 Re8+ 11. Nge2 c5 12. 0-0 Nb4 13. a3 Na6 14. Nb5 Be5 15. d6 Bxb2 16. Rb1 Be5 17. Bxb7 Qb8 18. Bxa6 Qb6 19. Nc7 Qxd6 20. Qxd6 Bxd6 21. Nxe8 Rxe8 22. Bc4+ Kg6 23. Bf4 Bxf4 24. Nxf4+ Kg5 25. Nd3 Re4 26. f4+ Kh6 27. Ne5 Nh5 28. Bd3 Nxf4 29. Bxe4 Ne2+ 30. Kf2 Bxe4 31. Kxe2 Bxg2 32. Rg1 Be4 33. Nf7+ Kh5 34. Rb5 Bxc2 35. Rxc5+ 1-0

[Event "Petroupoli op 3rd"]
[Site "Petroupoli"]
[Date "2012.03.10"]
[Round "1"]
[White "Zaharias, Aggelos"]
[Black "Alexiadis, Christos"]
[Result "0-1"]
[WhiteElo "1010"]
[BlackElo "1717"]
[PlyCount "88"]
[EventDate "2012.03.10"]
[EventType "swiss"]
[EventRounds "7"]
[EventCountry "GRE"]
[SourceTitle "CBM 147 Extra"]
[Source "ChessBase"]
[SourceDate "2012.04.24"]
[SourceVersion "1"]
[SourceVersionDate "2012.04.24"]
[SourceQuality "1"]

1. e4 c5 2. Nf3 d6 3. Nc3 e5 4. d3 Nc6 5. Be3 g6 6. Qd2 Bg7 7. 0-0-0 Nge7 8. Bh6 0-0 9. h4 Bxh6 10. Qxh6 f6 11. h5 g5 12. g3 Kh8 13. Nxg5 fxg5 14. Qxg5 Ng8 15. Qe3 Qf6 16. Rh2 Qh6 17. Qxh6 Nxh6 18. Be2 Nd4 19. Rg1 Nxe2+ 20. Nxe2 Ng4 21. Rhg2 Nxf2 22. Rf1 Nxd3+ 23. cxd3 Rxf1+ 24. Kd2 Bg4 25. Nc3 Raf8 26. Nb5 R8f2+ 27. Rxf2 Rxf2+ 28. Kc3 Rf6 29. Nxa7 Bxh5 30. a4 Be8 31. a5 Bd7 32. b4 cxb4+ 33. Kxb4 Rg6 34. Nb5 Rxg3 35. Nxd6 Rxd3 36. Nxb7 Bc6 37. a6 Bxb7 38. a7 h5 39. Kb5 h4 40. Kb6 Bxe4 41. Ka6 Rb3 42. Ka5 h3 43. Ka4 Rb1 44. Ka3 h2 0-1